[Event "AUT-ch Open 2020"]
[Site "Graz"]
[Date "2020.02.18"]
[Round "6.4"]
[White "Martinez Alcantara, Jose Eduardo"]
[Black "Kosakowski, Jakub"]
[Result "1-0"]
[WhiteElo "2617"]
[BlackElo "2413"]
[Annotator "TA"]
[PlyCount "105"]
[EventDate "2020.02.14"]
[EventType "swiss"]
[EventCountry "AUT"]
[SourceTitle "playchess.com"]
[Source "ChessBase"]
[SourceQuality "1"]

{[%evp 15,105,18,51,34,60,20,51,60,54,33,73,76,73,99,98,7,79,79,83,24,102,40,131,147,188,169,170,100,97,80,87,87,104,92,101,100,147,114,160,156,209,150,140,140,140,135,144,137,163,177,156,167,238,220,243,216,202,222,213,141,132,130,159,164,162,168,153,170,151,143,285,249,236,250,278,273,266,218,350,325,449,445,409,405,583,554,662,535,620,629,593,533]} 1. c4 Nf6 2. g3 g6 3. Bg2 Bg7 4. Nc3 O-O 5. d4 d6 6. e3 Nc6 7. Nge2 e5 8. O-O Nd7 9. Rb1 {E61: King's Indian: Early deviations for White, including Smyslov System.} Ne7 10. b4 c6 11. Qb3 {[#] White is slightly better.} Nb6 $146 ({Predecessor:} 11... Kh8 12. Bb2 f5 13. f4 e4 14. d5 cxd5 15. Nxd5 Nxd5 16. Bxg7+ Kxg7 17. cxd5 Nf6 {0-1 (45) Wallhof,D-Elis,V Germany 1986}) 12. dxe5 Bxe5 13. c5 Be6 14. Qc2 Nc4 {[#]} 15. Nf4 (15. Rd1 $1 $16) 15... d5 (15... Bxf4 $1 $11 16. gxf4 Nf5) 16. Nxe6 $16 fxe6 17. Ne2 (17. e4 $16) 17... b6 (17... Nf5 $11) 18. Nf4 (18. e4 $16) 18... Rf6 ({Black should try} 18... Bxf4 $14 19. exf4 Nf5) 19. Nd3 Bc7 20. e4 dxe4 {[#]} 21. Nb2 ({Don't do} 21. Qxc4 $6 Qxd3 22. Qxe4 Qxe4 $14) (21. Rd1 $1 $18 exd3 22. Qxc4 (22. Rxd3 Nd5 $16)) 21... Ne5 22. Qxe4 Qd5 23. f4 {Threatens to win with Qxd5.} Nd7 24. Qd3 Qxd3 25. Nxd3 Nd5 26. Bb2 Rf7 27. Rfe1 $36 {[%mdl 2048] White is on the roll.} Re8 (27... bxc5 $16 {was called for.} 28. Rxe6 (28. bxc5 Re8 $16) 28... Bb6) 28. Bxd5 cxd5 29. c6 Nf6 30. Bxf6 Rxf6 31. b5 g5 32. fxg5 Rf5 33. Rb4 e5 (33... Rxg5 $142 34. Rd4 Re7) 34. Ra4 $18 Ra8 35. Nb4 e4 36. Rd1 e3 37. Re1 d4 38. Nc2 d3 39. Nxe3 Re5 40. Rd4 Rd8 41. Rxd8+ Bxd8 $16 {[%mdl 4096] Endgame KRB-KRN} 42. Kf2 {aiming for Rd1.} Bxg5 (42... d2 $16 {was worth a try.} 43. Re2 Rxe3 44. Rxd2 Re8) 43. Nf1 Rf5+ 44. Kg2 {Hoping for Re8+.} Kf7 45. a4 Rc5 {intending ...d2.} 46. Kf3 Rc4 (46... a6 {was necessary.} 47. bxa6 Rxc6) 47. Rd1 Rxa4 48. Rxd3 Rc4 49. Rd7+ Kg6 (49... Ke6 $142 50. Rxh7 Rc5) 50. h4 $18 {White is clearly winning.} Bh6 51. Rxa7 Rc5 52. Ra8 Bg7 53. Rb8 {Accuracy: White = 68%, Black = 37%.} 1-0

[Event "AUT-ch Open 2020"]
[Site "Graz"]
[Date "2020.02.18"]
[Round "6.4"]
[White "Tonndorf, Matthias"]
[Black "Freitag, Manfred"]
[Result "0-1"]
[WhiteElo "2193"]
[BlackElo "2378"]
[Annotator "TA"]
[PlyCount "78"]
[EventDate "2020.02.14"]
[EventType "swiss"]
[EventCountry "AUT"]
[SourceTitle "playchess.com"]
[Source "ChessBase"]
[SourceQuality "1"]

{[%evp 30,78,54,52,74,33,32,32,30,36,20,17,35,16,0,8,30,0,10,0,33,15,104,111,114,77,105,104,100,95,105,100,94,-50,123,52,115,35,57,0,139,-518,-525,-604,-447,-983,-977,-2014,-1881,-2433,-2359]} 1. e4 e5 2. Nf3 Nc6 3. Bb5 a6 4. Ba4 Nf6 5. O-O b5 6. Bb3 Be7 7. Re1 O-O 8. h3 d6 9. c3 Bb7 10. d4 Re8 11. Ng5 Rf8 12. Nf3 Na5 13. Bc2 Nd7 14. Nbd2 exd4 15. cxd4 c5 16. d5 Bf6 {C96: Closed Ruy Lopez: Chigorin Defence: 11 d4, replies other than 11...Qc7.} 17. Nf1 Nc4 18. Rb1 {[#]} Bc8 $146 {White is slightly better.} ({Predecessor:} 18... Rc8 19. b3 Nce5 20. Ne3 c4 21. bxc4 Nxc4 22. Nxc4 Rxc4 23. a4 b4 24. e5 dxe5 25. Qd3 Rxc2 26. Qxc2 a5 {½-½ (52) Eynullayev,A (2147)-Moiseenko,V (2552) Batumi 2018}) 19. b3 Nce5 20. N3h2 Re8 21. f4 Ng6 22. Nf3 Bc3 23. Re2 Nf6 24. g4 Ra7 25. Ng3 b4 {[#]} (25... h6 $11 {remains equal.}) 26. g5 $1 $16 {[%cal Rg5f6]} Nd7 27. h4 Nb6 28. h5 Nf8 29. f5 Nbd7 30. Rg2 Ne5 31. Nh4 (31. Nh2 $16) 31... c4 $2 (31... Bd4+ $15 32. Kh1 {[#]} h6 $1 {[%mdl 512]}) 32. Be3 (32. Ne2 $16) 32... cxb3 $14 33. axb3 ({Reject} 33. Bxb3 $6 Rc7 $11) (33. Rxb3 $16 Rc7 34. h6) 33... Rc7 $1 34. Bb6 (34. h6 $14 g6 35. Bb6) 34... Nfd7 (34... Qxg5 $11 {keeps the balance.} 35. Nf3 (35. Bxc7 Qxh4 36. Bb6 Nfd7 $17) 35... Qe7) 35. Ba5 $2 {[%mdl 8192]} (35. Bxc7 $16 Qxc7 36. Kh1) 35... Qxg5 $19 {Black is clearly winning.} 36. Bxc7 {And now Ne2 would win.} Qxh4 37. Bxd6 {[#]} (37. Nh1 $142 Bd4+ 38. Nf2) 37... Bd4+ $1 {[%mdl 512]} 38. Kf1 (38. Qxd4 Nf3+) 38... Qf4+ 39. Ke1 Bc3+ {Accuracy: White = 37%, Black = 66%.} 0-1

[Event "AUT-ch Open 2020"]
[Site "Graz"]
[Date "2020.02.18"]
[Round "6.5"]
[White "Istratescu, Andrei"]
[Black "Schwabeneder, Florian"]
[Result "0-1"]
[WhiteElo "2552"]
[BlackElo "2412"]
[Annotator "TA"]
[PlyCount "102"]
[EventDate "2020.02.14"]
[EventType "swiss"]
[EventCountry "AUT"]
[SourceTitle "playchess.com"]
[Source "ChessBase"]
[SourceQuality "1"]

{[%evp 20,102,35,43,39,34,36,37,51,57,54,-15,-14,-34,20,-10,60,0,47,42,43,9,40,46,45,46,54,47,27,0,40,14,42,20,22,0,0,0,0,0,3,0,0,0,0,0,0,0,22,0,34,20,111,0,0,-6,-4,-8,0,0,0,0,58,-22,12,8,24,-35,-48,-35,-33,-51,-60,-50,-62,-46,-45,-1894,-1549,-1326,-1082,-29982,-29983,-29988,-29989]} 1. e4 c5 2. Nf3 d6 3. d4 cxd4 4. Nxd4 Nf6 5. Nc3 Nc6 6. Bg5 e6 7. Qd2 a6 8. O-O-O Bd7 9. f4 h6 10. Bh4 Be7 11. Nf3 Qc7 {B67: Sicilian: Richter-Rauzer: 7...a6 8 0-0-0 Bd7, lines without 9 f4 Be7.} 12. Kb1 Rd8 13. Qe1 {[#]} Bc8 $146 {White is slightly better.} ({Predecessor:} 13... Nh5 14. e5 dxe5 15. fxe5 Nf4 16. Bg3 Nh5 17. Bf2 Nf4 18. h3 Ng6 19. Bg3 Qa5 {½-½ (38) Yloenen,O (2444)-Rogos,J (2380) ICCF email 2012}) 14. Bd3 b5 15. e5 (15. Rg1 $14) 15... dxe5 $11 16. fxe5 Nd5 (16... Nd7 $15) 17. Bxe7 Qxe7 (17... Ncxe7 $11 18. Ne4 O-O) 18. Nxd5 (18. Ne4 $14) 18... exd5 19. Qc3 Bb7 20. Nd4 Nxd4 (20... b4 $5 {[%cal Rb4c3]} 21. Nxc6 bxc3 22. Nxe7 Kxe7 $11) 21. Qxd4 O-O 22. Rde1 Bc8 23. Re3 Rfe8 24. Rhe1 Be6 25. h4 Qd7 26. Rf1 Bg4 27. c3 ({But not} 27. e6 Rxe6 28. Rxe6 (28. Rg3 Qe7 $17) 28... Bxe6 $15) 27... h5 28. Bc2 Re6 29. g3 Rc6 30. Bd3 Re6 31. a3 Qc7 32. Ka1 Qd7 33. Bb1 Rc6 34. Rf4 g6 35. Qd2 Rc4 {[#]} (35... a5 $11 {keeps the balance.}) 36. Rd4 (36. Rf6 $1 $16 {e6! is the strong threat.} d4 37. Rd3) 36... a5 37. Ba2 Rxd4 38. Qxd4 Be6 39. Qb6 Ra8 40. Rd3 Kg7 ({Black should try} 40... b4 $11) 41. Rd4 (41. Bxd5 $14 Rd8 42. Be4 Qxd3 43. Bxd3 Rxd3 44. b4 axb4 45. axb4) 41... Ra7 (41... b4 $5) 42. Rd1 Kh7 43. Qc5 ({Better is} 43. Bb3 $11) 43... Rc7 $15 44. Qd4 {[%cal Ra2d5]} Qc8 45. Bb3 ({Avoid the trap} 45. Bxd5 $2 Rd7 $19) 45... b4 $1 $36 {[%cal Rb4c3][%mdl 2048] Black fights for an advantage.} 46. cxb4 axb4 47. a4 $1 Qa6 48. Qf4 $2 {[%mdl 8192] [#] This move loses the game for White.} (48. Kb1 $15) 48... d4 $1 $19 {[%mdl 512]} 49. Qf3 {[#]} (49. Rxd4 Bxb3) 49... Rc3 $1 {[%mdl 512]} 50. bxc3 Bxb3 51. Kb2 Qxa4 {Accuracy: White = 64%, Black = 71%.} 0-1

[Event "AUT-ch Open 2020"]
[Site "Graz"]
[Date "2020.02.18"]
[Round "6.5"]
[White "Leisch, Lukas"]
[Black "Bauer, Thomas"]
[Result "1/2-1/2"]
[WhiteElo "2352"]
[BlackElo "2201"]
[Annotator "TA"]
[PlyCount "98"]
[EventDate "2020.02.14"]
[EventType "swiss"]
[EventCountry "AUT"]
[SourceTitle "playchess.com"]
[Source "ChessBase"]
[SourceQuality "1"]

{[%evp 18,98,43,39,45,32,58,0,0,0,0,0,5,0,0,0,0,-70,-62,-54,52,52,52,54,54,54,56,49,50,47,130,117,128,110,135,104,122,123,138,131,140,137,167,141,141,71,134,70,118,124,157,141,143,178,189,166,173,159,160,159,559,559,535,520,463,368,495,352,352,352,328,0,0,0,0,0,0,0,0,0,0,0,0]} 1. Nf3 c5 2. c4 Nc6 3. d4 cxd4 4. Nxd4 g6 5. e4 Nf6 6. Nc3 d6 7. Be2 Nxd4 8. Qxd4 Bg7 9. Be3 O-O 10. Qd2 a5 {B36: Sicilian: Maroczy Bind: Gurgenidze System.} 11. Rd1 a4 12. c5 ({Better is} 12. O-O $14) 12... Be6 $11 13. cxd6 Qxd6 14. Qxd6 exd6 15. a3 $36 {[%mdl 2048] White has some pressure.} Rfd8 16. Bb6 Rdc8 {[#]} 17. f3 $146 (17. O-O $11) ({Predecessor:} 17. Bd4 Bb3 18. Rd2 Nxe4 19. Nxe4 Rc1+ 20. Bd1 Re8 21. f3 d5 22. O-O dxe4 23. Bxb3 Rxf1+ 24. Kxf1 axb3 25. Bxg7 Kxg7 26. fxe4 Rxe4 {½-½ (46) Tomczak,J (2551)-Janaszak,D (2393) Poronin 2014}) 17... Nd7 $15 18. Bd4 Ne5 (18... Bb3 $15 19. Kf2 Bxd1 20. Rxd1 Rd8) 19. f4 $14 Nc4 20. Bxc4 Bxc4 21. Bxg7 {[%mdl 64] Discovered Attack} Kxg7 22. Rxd6 b5 $1 23. Kd2 Rcb8 {[#]} (23... b4 $1 $14 24. axb4 Rcb8) 24. Rd4 $1 $16 h5 25. Rc1 Ra7 26. Nd1 Rab7 27. Nf2 Kf8 28. g3 Kg7 29. Ke3 Kg8 30. Rd6 Kg7 31. Kf3 (31. h4 $142) 31... Re8 (31... Rc7 $142) 32. h3 ({White should try} 32. Rd4 $16) 32... Be6 33. g4 hxg4+ 34. hxg4 ({Not} 34. Nxg4 b4 $11) 34... b4 35. f5 bxa3 36. bxa3 Rc8 37. Rxc8 Bxc8 $18 {[%mdl 4096] Endgame KRB-KRN} 38. Kf4 Rb3 $2 (38... f6 $16 {is a better chance.} 39. fxg6 Rc7) 39. f6+ Kh7 40. Rd3 Be6 41. e5 Bc4 42. Rd8 {Intending Ne4 and mate.} g5+ 43. Kxg5 Rxa3 {[#]} 44. Kh4 $2 (44. Ne4 $1 $18 {[%cal Re4c5] Nc5 would kill now.} Re3 45. Kf4 Rxe4+ 46. Kxe4) 44... Re3 $11 {aiming for ...a3.The position is equal.} 45. Ra8 Bb5 (45... a3 $5 46. Nh3 $8 a2 47. Ng5+ Kh6 $11) 46. Ra7 Kg6 47. Ra5 Rxe5 48. Nd3 $1 {[%cal Rd3e5]} Rg5 49. Nb2 Kxf6 {Accuracy: White = 72%, Black = 63%.} 1/2-1/2

[Event "AUT-ch Open 2020"]
[Site "Graz"]
[Date "2020.02.18"]
[Round "6.6"]
[White "Nitin, S.."]
[Black "Vorobiov, Evgeny E."]
[Result "0-1"]
[WhiteElo "2353"]
[BlackElo "2520"]
[Annotator "TA"]
[PlyCount "88"]
[EventDate "2020.02.14"]
[EventType "swiss"]
[EventCountry "AUT"]
[SourceTitle "playchess.com"]
[Source "ChessBase"]
[SourceQuality "1"]

{[%evp 25,88,80,88,78,74,32,29,33,82,14,15,35,33,0,0,0,0,0,0,0,0,-8,-8,-35,-26,-37,-28,-25,-21,-28,-20,-20,-19,-33,-35,-29,-14,-20,-22,-21,-21,-44,-37,-55,-6,-6,-6,-7,-7,-7,-6,-16,-7,-12837,-12839,-12839,-12839,-12840,-12839,-12841,-12841,-12841,-12842,-12845,-12843]} 1. e4 c5 2. Nf3 e6 3. d4 cxd4 4. Nxd4 Nf6 5. Nc3 d6 6. g4 h6 7. h4 Nc6 8. Rg1 h5 9. gxh5 Nxh5 10. Bg5 Nf6 11. Qd2 Qb6 12. Nb3 a6 13. O-O-O Bd7 14. Kb1 {B81: Sicilian Scheveningen: Keres Attack.} Qc7 {[#]} 15. Bxf6 $146 ({Predecessor:} 15. Qe3 Rc8 16. f4 Nh7 17. Bd3 Nxg5 18. hxg5 g6 19. f5 Ne5 20. Rh1 Rxh1 21. Rxh1 {1-0 (29) Bacrot,E (2714)-Riff,J (2505) Guingamp 2010}) 15... gxf6 16. Qf4 {White has an edge.} Ne5 17. Qxf6 (17. Be2 $16) 17... Rh6 $11 18. Qf4 Ng6 19. Qe3 Rxh4 20. f4 O-O-O $36 {[%mdl 2048] Black is pushing.} 21. f5 Ne5 22. Nd4 Kb8 23. Be2 Be7 24. fxe6 fxe6 25. Rg7 Re8 26. Rf1 Qd8 27. Nf3 Rh3 {...Rf8 is the strong threat.} 28. Qd4 Nxf3 29. Rxf3 Rxf3 30. Bxf3 Bc6 31. Rf7 Rf8 32. Rxf8 Qxf8 33. Bg4 Bf6 34. Qc4 Bxc3 (34... Qg8 $5 {[%cal Rg8g4]} 35. Qxe6 Qxe6 36. Bxe6 Bxc3 37. bxc3 Bxe4 $15) 35. bxc3 e5 36. Be6 Qf2 37. Bd5 Qb6+ 38. Kc1 Qb5 {[#] Hoping for ...Bxd5.} 39. Qd3 $2 {[%mdl 8192]} (39. Qb4 $11) 39... Qxd3 $19 {Black is clearly winning.} 40. cxd3 Bxd5 41. exd5 Kc7 42. a4 Kb6 43. c4 Kc5 44. Kc2 Kb4 {Accuracy: White = 68%, Black = 92%.} 0-1

[Event "AUT-ch Open 2020"]
[Site "Graz"]
[Date "2020.02.18"]
[Round "6.6"]
[White "Tuncer, Tuna"]
[Black "Polterauer, Chiara"]
[Result "1-0"]
[WhiteElo "2351"]
[BlackElo "2187"]
[Annotator "TA"]
[PlyCount "67"]
[EventDate "2020.02.14"]
[EventType "swiss"]
[EventCountry "AUT"]
[SourceTitle "playchess.com"]
[Source "ChessBase"]
[SourceQuality "1"]

{[%evp 19,67,34,35,33,44,42,57,52,47,33,81,64,77,87,131,101,207,190,206,203,234,239,221,252,276,253,286,272,504,498,535,425,409,397,467,427,583,580,659,657,685,655,671,654,809,809,906,735,875,701]} 1. d4 Nf6 2. Bf4 d5 3. e3 c5 4. Nf3 Nc6 5. Nbd2 cxd4 6. exd4 Nh5 7. Be3 g6 8. Bd3 Bg7 9. O-O O-O 10. c3 Qd6 11. Re1 {B13: Caro-Kann: Exchange Variation and Panov-Botvinnik Attack.} f5 {Threatens to win with ...f4.} 12. Nb3 f4 13. Bd2 {White is slightly better.} Bg4 14. Be2 b6 {[#]} 15. h3 $146 ({Predecessor:} 15. Nc1 Nf6 16. Nd3 Ne4 17. Nfe5 Bxe2 18. Rxe2 g5 19. Nxc6 Qxc6 20. f3 Nxd2 21. Qxd2 {½-½ (27) Ljikar,T (1920)-Roklicer,H (2042) Biograd 2018}) 15... Bxf3 16. Bxf3 Nf6 17. Nc1 Nd7 (17... Ne8 $16) 18. Qb3 $18 Nf6 19. Nd3 g5 {[#]} 20. Re5 $1 {[%mdl 512]} Na5 (20... Nxe5 21. dxe5) 21. Qc2 ({Don't take} 21. Bxd5+ $6 Nxd5 22. Qxd5+ Qxd5 $16) 21... Nc4 22. Rae1 ({Don't do} 22. Rxg5 $6 Nxd2 23. Qxd2 Ne4 $18) 22... Ne4 23. Bxe4 Nxe5 $2 (23... dxe4 24. R5xe4 Rf7) 24. dxe5 ({Not} 24. Nxe5 dxe4 25. Qxe4 Bxe5 $11) 24... Qd7 25. Bf3 e6 26. Bg4 Qf7 27. Qd1 {White is clearly winning.} Rfd8 28. Nb4 {[%cal Bd3b4,Bb4c2,Bc2d4][%mdl 32]} Rac8 29. Nc2 Qd7 30. Nd4 Re8 {[#]} 31. h4 $1 h6 (31... gxh4 32. Bxf4) 32. Qf3 Re7 33. Qd3 Qe8 34. Qh3 {Accuracy: White = 83%, Black = 40%.} 1-0

[Event "AUT-ch Open 2020"]
[Site "Graz"]
[Date "2020.02.18"]
[Round "6.7"]
[White "Burmakin, Vladimir"]
[Black "Megalios, Konstantinos"]
[Result "1/2-1/2"]
[WhiteElo "2514"]
[BlackElo "2514"]
[Annotator "TA"]
[PlyCount "70"]
[EventDate "2020.02.14"]
[EventType "swiss"]
[EventCountry "AUT"]
[SourceTitle "playchess.com"]
[Source "ChessBase"]
[SourceQuality "1"]

{[%evp 12,70,7,7,9,3,5,-15,-22,-30,-27,-28,-16,-47,-44,-49,-51,-80,-34,-36,-18,-13,-14,-13,-16,-15,-16,-14,-7,-27,0,-16,-27,-41,-21,-37,-20,-24,-12,-23,-20,-25,-19,-34,-28,-18,-5,0,0,-5,-2,-5,-7,-17,-7,-15,0,-73,0,-8,0]} 1. Nf3 d5 2. g3 c6 3. Bg2 Bg4 4. c4 e6 5. cxd5 exd5 6. d3 Nf6 7. O-O Bc5 {A11: English Opening: 1...c6.} 8. Qb3 Bb6 {[#]} 9. a4 $146 {Black should prevent a5!} ({Predecessor:} 9. Nc3 O-O 10. Na4 Nbd7 11. Nxb6 axb6 12. h3 Bh5 13. Bf4 Nc5 14. Qc2 Ne6 15. Be5 {0-1 (33) Buckels,V (2353)-Keymer,V (2466) Bad Blankenburg 2018}) 9... a5 10. Ne5 Be6 11. Bg5 Ra6 12. Nf3 O-O 13. d4 Nbd7 14. Qc2 Bg4 15. Ne5 h6 16. Bxf6 Nxf6 17. Nxg4 Nxg4 18. e3 Re8 19. Nd2 Bc7 20. Rfe1 Nf6 21. Nb3 Bd6 22. Bf1 Ra8 23. Nc5 Bxc5 24. Qxc5 Ne4 25. Qc2 h5 26. f3 Ng5 27. Bg2 Qf6 28. Qf2 Qg6 29. h4 $1 {[%cal Rh4g5]} Nh7 30. e4 dxe4 31. fxe4 Nf6 {[%cal Rf6e4]} 32. Qf4 Rad8 33. Rad1 Re7 34. Rd2 {[#]} (34. e5 $11 {remains equal.} Nd5 35. Qf3) 34... Red7 ({Better is} 34... c5 $1 $17 {[%mdl 512]} 35. Qg5 (35. dxc5 Rxd2) 35... Rxd4 36. Qxg6 fxg6 37. Rxd4 cxd4) 35. Red1 Re7 {Accuracy: White = 87%, Black = 87%.} 1/2-1/2

[Event "AUT-ch Open 2020"]
[Site "Graz"]
[Date "2020.02.18"]
[Round "6.7"]
[White "Ufimtsev, Egor"]
[Black "Chylewski, Patryk"]
[Result "0-1"]
[WhiteElo "2174"]
[BlackElo "2350"]
[Annotator "TA"]
[PlyCount "102"]
[EventDate "2020.02.14"]
[EventType "swiss"]
[EventCountry "AUT"]
[SourceTitle "playchess.com"]
[Source "ChessBase"]
[SourceQuality "1"]

{[%evp 9,102,14,18,17,22,6,9,0,0,-49,50,39,39,43,39,25,25,19,27,20,57,0,8,0,44,22,18,16,23,8,20,10,25,20,29,15,12,-40,-25,-37,-37,-42,2,0,1,-88,-98,-117,-111,-115,-128,-166,-167,-167,-167,-167,-166,-167,-163,-198,-198,-198,-198,-241,-198,-198,-191,-293,-167,-369,-368,-341,-341,-458,-408,-789,-807,-811,-583,-575,-575,-572,-543,-596,-559,-589,-564,-748,-730,-966,-949,-932,-757,-757,-694]} 1. Nf3 Nf6 2. c4 e6 3. g3 a6 4. Bg2 b5 5. d3 Bb7 6. O-O {A13: English Opening: 1...e6.} Be7 7. e4 d6 {[#]} 8. Nc3 $146 {The position is equal.} ({Predecessor:} 8. Na3 bxc4 9. Nxc4 e5 10. Na5 Ra7 11. Qa4+ Qd7 12. Qxd7+ Nbxd7 13. Be3 c5 14. b4 {1-0 (47) Fridman,D (2596)-Dzhumagaliev,Y (2400) Tallinn 2016}) 8... bxc4 9. dxc4 Nbd7 (9... Nxe4 $15 10. Nxe4 Bxe4) 10. Re1 O-O 11. b3 c5 12. Qc2 Qc7 13. Bb2 Rfe8 14. Rad1 Bc6 15. Nb1 Qb7 {[%cal Rc6e4]} 16. Nc3 Rab8 17. Nd5 exd5 18. exd5 {[#]} Ba4 $1 {[%cal Ra4b3][%mdl 512]} 19. Nd2 (19. bxa4 Qxb2) 19... Nf8 20. Bxf6 $1 Bxf6 21. bxa4 Rxe1+ 22. Rxe1 Qb2 23. Rc1 (23. Qxb2 $11 Rxb2 24. Ne4) 23... Bg5 $1 $15 {[%cal Rg5d2]} 24. Qxb2 $1 ({Reject} 24. f4 Bxf4 25. gxf4 Qd4+ 26. Kh1 Rb2 $17) 24... Rxb2 25. f4 Be7 {[%mdl 1024] Black has compensation.} 26. Re1 Ng6 $36 {[%mdl 2048] Black is pushing.} 27. f5 (27. Nf3 $11 {remains equal.}) 27... Ne5 $17 28. Nf3 {[#]} Bf6 $1 29. Nxe5 Bxe5 {[%mdl 4096] Endgame KRB-KRB} 30. Be4 Rxa2 31. Rb1 {[%cal Rb1b8]} Kf8 32. f6 gxf6 ({Resist} 32... Bxf6 33. Rb8+ Ke7 34. Rb7+ Kf8 35. Rb8+ Ke7 36. Rb7+ Kf8 37. Rb8+ $17) 33. Bxh7 Rxa4 34. Bd3 Ra2 35. Rb8+ Kg7 36. Bb1 Ra1 37. Kg2 {[#]} a5 $1 {[%cal Ba6a5,Ba5a4,Ba4a3][%mdl 32]} 38. Kh3 (38. Kf3 $142) 38... a4 $19 39. Bc2 $2 (39. Bf5) 39... a3 40. Ra8 Rc1 41. Bb3 Rc3 42. Ba2 (42. Rxa3 $142 Re3 43. Kg2) 42... f5 {Black is clearly winning.} 43. Kh4 Kh6 {And now ...Rc2 would win.} 44. Bb1 Rxc4+ 45. Kh3 Bb2 46. Ra6 Kg7 47. Rxd6 Rd4 48. Rc6 c4 49. Ba2 c3 50. d6 Rd2 {Threatens to win with ...c2.} 51. Bb3 {[#]} a2 $1 {[%mdl 512] Accuracy: White = 55%, Black = 87%.} 0-1

[Event "AUT-ch Open 2020"]
[Site "Graz"]
[Date "2020.02.18"]
[Round "6.8"]
[White "Froewis, Georg"]
[Black "Baum, Jonasz"]
[Result "1/2-1/2"]
[WhiteElo "2461"]
[BlackElo "2461"]
[Annotator "TA"]
[PlyCount "101"]
[EventDate "2020.02.14"]
[EventType "swiss"]
[EventCountry "AUT"]
[SourceTitle "playchess.com"]
[Source "ChessBase"]
[SourceQuality "1"]

{[%evp 19,101,11,14,8,53,0,0,0,11,11,9,-13,16,21,18,16,20,6,14,0,47,55,43,45,43,32,84,66,74,78,48,14,28,21,28,28,32,28,46,35,46,46,40,46,54,55,55,15,16,8,8,11,8,-8,15,29,341,341,306,4,4,0,0,0,0,0,0,0,0,0,0,0,0,0,0,0,0,0,0,0,0,0,0,0]} 1. d4 Nf6 2. Nf3 e6 3. c4 b6 4. g3 Bb7 5. Bg2 Be7 6. O-O O-O 7. Re1 d5 8. cxd5 exd5 9. Nc3 Nbd7 10. Bf4 Ne4 11. Nd2 {[%cal Rc3e4] E17: Queen's Indian: 4 g3 Bb7 5 Bg2 Be7.} Ndf6 {[#]} 12. Qc2 $146 (12. Ndxe4 $14 Nxe4 13. Nxe4 dxe4 14. Qc2) ({Predecessor:} 12. Ndxe4 dxe4 13. Qa4 Bd6 14. e3 Re8 15. Rad1 h6 16. Be5 a6 17. a3 Qe7 18. Bxf6 gxf6 {1-0 (54) Barsov,A (2513)-Cuenca Jimenez,J (2444) Zaragoza 2008}) 12... Nxd2 13. Qxd2 Rc8 14. Bh3 Ra8 $1 15. Red1 Bd6 16. Rac1 c6 17. Bg5 Be7 18. Qc2 Re8 19. Bg2 Ne4 20. Nxe4 {And now Bxe7 would win.} Bxg5 21. Nxg5 Qxg5 22. e4 Rac8 ({Better is} 22... Qe7 $14) 23. e5 Qe7 24. f4 c5 25. dxc5 Rxc5 26. Qf2 Rec8 27. Rxc5 Rxc5 28. h4 Qc7 29. Kh2 h6 30. Rd2 a5 31. Qe3 Qe7 32. Qb3 Qe6 33. Bh3 Qc6 34. Qd3 Rc1 35. Bg2 Qc5 36. f5 Bc8 37. Bxd5 {Threatens to win with e6.} Re1 $2 {[%mdl 8192]} (37... Qg1+ $1 $11 {and Black stays safe.} 38. Kh3 Qe1) 38. Rc2 $18 Ba6 39. Bxf7+ $2 ({White has to play} 39. Rxc5 $18 {Bxf7+! would kill now.} Bxd3 40. Rc8+ Kh7 41. g4 (41. Bxf7 Bxf5 42. Rb8 Rxe5 $16) 41... Rxe5 42. Bxf7) 39... Kxf7 $11 {The position is equal.} 40. Qd7+ Qe7 41. Qd5+ Ke8 $1 42. Qa8+ {[%mdl 64] [#] Double Attack} Qd8 $1 {[%cal Rd8a8]} 43. Qxa6 Rh1+ $1 {[%mdl 64] Decoy} 44. Kxh1 {[%mdl 4096] Endgame Threatening mate with Rc8!} Qd1+ {[%mdl 64] Double Attack} 45. Kg2 {White threatens Rc8+ and mate.} Qxc2+ {[%mdl 64] [#] Double Attack. KQ-KQ} 46. Kg1 Qc5+ 47. Kf1 {aiming for Qe2.} Qc1+ $1 {[%mdl 64] Double Attack} 48. Kf2 Qc5+ {[%mdl 64] Double Attack} 49. Ke1 Qc1+ 50. Kf2 {Qa8+ is the strong threat.} Qc5+ {[%mdl 64] Double Attack} 51. Ke1 {Accuracy: White = 82%, Black = 78%.} 1/2-1/2